<?xml version="1.0" encoding="UTF-8"?>
<record
    xmlns:xsi="http://www.w3.org/2001/XMLSchema-instance"
    xsi:schemaLocation="http://www.loc.gov/MARC21/slim http://www.loc.gov/standards/marcxml/schema/MARC21slim.xsd"
    xmlns="http://www.loc.gov/MARC21/slim">

  <leader>008020000a22001210004500</leader>
  <datafield tag="773" ind1="0" ind2=" ">
    <subfield code="t">Perfiles: revista de la comunidad acad&#xE9;mica UDES</subfield>
  </datafield>
  <datafield tag="100" ind1="1" ind2=" ">
    <subfield code="a">P&#xE9;rez L., Mario Iv&#xE1;n</subfield>
  </datafield>
  <datafield tag="245" ind1="1" ind2="0">
    <subfield code="a">Los trabajadores y las formas de organizaci&#xF3;n del trabajo en la provincia de Soto, durante la segunda mitad del siglo XIX.</subfield>
  </datafield>
  <datafield tag="300" ind1=" " ind2=" ">
    <subfield code="a">Vol.0, n&#xFA;m.2 ( , 2005), P&#xE1;ginas 94-105</subfield>
  </datafield>
  <datafield tag="520" ind1=" " ind2=" ">
    <subfield code="a">La sociedad santandereana de la segunda mitad del siglo XIX es una colectividad poco estudiada. En el presente art&#xED;culo se pretende hacer una aproximaci&#xF3;n al perfil del hombre y la mujer santandereanos, explorando su cotidianidad, las formas de organizaci&#xF3;n del trabajo y las relaciones de producci&#xF3;n que se desprenden entre el trabajador y la tierra.</subfield>
  </datafield>
  <datafield tag="650" ind1="1" ind2="4">
    <subfield code="a">SANTANDER-PROVINCIA DE SOTO-HISTORIA</subfield>
  </datafield>
  <datafield tag="942" ind1=" " ind2=" ">
    <subfield code="c">ANA</subfield>
  </datafield>
  <datafield tag="952" ind1=" " ind2=" ">
    <subfield code="0">0</subfield>
    <subfield code="1">0</subfield>
    <subfield code="4">0</subfield>
    <subfield code="7">0</subfield>
    <subfield code="8">HEM</subfield>
    <subfield code="a">FUSBC</subfield>
    <subfield code="b">FUSBC</subfield>
    <subfield code="d">2016-01-26</subfield>
    <subfield code="l">0</subfield>
    <subfield code="o"> </subfield>
    <subfield code="r">2016-01-26 00:00:00</subfield>
    <subfield code="w">2016-01-26</subfield>
    <subfield code="y">ANA</subfield>
  </datafield>
  <datafield tag="999" ind1=" " ind2=" ">
    <subfield code="c">62579</subfield>
    <subfield code="d">62579</subfield>
  </datafield>
</record>
